Statistiques concernant Jeux de la cour de récré

Cliquez ici pour prendre le quiz!

Statistiques générales

  • Ce quiz a été pris 157 fois
  • Le résultat moyen est 9 sur 12

Statistiques - réponses

Réponse% Correct
Billes
99%
Chat
99%
Marelle
99%
Corde à sauter
94%
1, 2, 3, soleil
89%
Facteur
83%
Elastique
74%
Cartes Pokémon
72%
Craie
52%
Pogs
51%
Beyblade
41%
Epervier
32%

Distribution des résultats

Percentile par nombre de réponses

% des personnes avec chaque résultat

Votre développement - résultats

Vous n’avez pas pris ce quiz